A study of Philippine games/ (Record no. 4618)

MARC details
000 -LEADER
fixed length control field 00671nam a22001817a 4500
003 - CONTROL NUMBER IDENTIFIER
control field OSt
005 - DATE AND TIME OF LATEST TRANSACTION
control field 20251002021942.0
008 - FIXED-LENGTH DATA ELEMENTS--GENERAL INFORMATION
fixed length control field 251002b |||||||| |||| 00| 0 eng d
020 ## - INTERNATIONAL STANDARD BOOK NUMBER
International Standard Book Number 971-542-295-0
040 ## - CATALOGING SOURCE
Original cataloging agency DWC-Main Lib.
Transcribing agency OC
100 ## - MAIN ENTRY--PERSONAL NAME
Personal name LOPEZ, MELLIE LEANDICHO
245 ## - TITLE STATEMENT
Title A study of Philippine games/
Statement of responsibility, etc. LOPEZ, MELLIE LEANDICHO
260 ## - PUBLICATION, DISTRIBUTION, ETC.
Place of publication, distribution, etc. Quezon City, Phils. :
Name of publisher, distributor, etc. The University of the Philiipine Press,
Date of publication, distribution, etc. c2001.
300 ## - PHYSICAL DESCRIPTION
Extent xLix, 592 pages ;
Dimensions 23 cm.
504 ## - BIBLIOGRAPHY, ETC. NOTE
Bibliography, etc. note Includes Index.
650 ## - SUBJECT ADDED ENTRY--TOPICAL TERM
Topical term or geographic name entry element 1. Games--Philippines. 2. Folklore--Philippines. 3. Philippines--Social life and customs. I. Dundes, Alan. II. Title.
942 ## - ADDED ENTRY ELEMENTS (KOHA)
Source of classification or shelving scheme Dewey Decimal Classification
Koha item type Book-Filipiniana
Classification part Fil.
Suppress in OPAC No
952 ## - LOCATION AND ITEM INFORMATION (KOHA)
--
952 ## - LOCATION AND ITEM INFORMATION (KOHA)
--
Holdings
Withdrawn status Lost status Source of classification or shelving scheme Damaged status Not for loan Home library Current library Shelving location Date acquired Source of acquisition Total Checkouts Full call number Barcode Date last seen Copy number Price effective from Koha item type Uniform Resource Identifier Cost, normal purchase price
    Dewey Decimal Classification     College Library College Library Filipiniana 08/07/2015 School Fund   Fil. 794.09599 L881u 2001 CL51028 10/02/2025 c2 10/02/2025 BK - FIL 750.00
    Dewey Decimal Classification     Junior High School Library Junior High School Library Filipiniana 09/19/2006 Library Fund   Fil. 794.09599 L881u 2001 HS12110 10/02/2025 c1 10/02/2025 BK - FIL